Da autonomia das esferas em Max Weber ao conceito de campo em pierre bordieu /
में बचाया:
| मुख्य लेखक: | |
|---|---|
| स्वरूप: | मूलपाठ |
| विषय: | |
| टैग: |
टैग जोड़ें
कोई टैग नहीं, इस रिकॉर्ड को टैग करने वाले पहले व्यक्ति बनें!
|
MARC
| LEADER | 00000 a a2200000 04500 | ||
|---|---|---|---|
| 001 | 16615 | ||
| 003 | |||
| 040 | |||
| 100 | |a Andrade Franco, José Luis de | ||
| 245 | |a Da autonomia das esferas em Max Weber ao conceito de campo em pierre bordieu / |c José Luis de Andrade Franco | ||
| 500 | |a Resumen también en inglés y español en páginas 78-79 | ||
| 650 | |a ANALISIS COMPARATIVO | ||
| 650 | |a TEORIA SOCIAL | ||
| 650 | |a SOCIOLOGIA | ||
| 650 | |a RELACIONES HUMANAS | ||
| 650 | |a COMPORTAMIENTO SOCIAL | ||
| 650 | |a INFLUENCIA SOCIAL | ||
| 650 | |a ASPECTOS PSICOLOGICOS | ||
| 650 | |a ESTRUCTURA ECONOMICA | ||
| 773 | |g volumen 8, número 15; páginas 69-79 | ||
| 999 | |c 24029 |d 24029 | ||
